000
00279nam a2200121Ia 4500
008
190216s9999||||xx |||||||||||||| ||und||
100
_a
Hajela T N
245
0
_a
History Of Economic Thought
260
_b
Konark Pub Pvt
_c
1994
300
_a
686
650
_a
Economics
942
_c
BK
999
_c
9947
_d
9947